Statistics for NASCAR Team Owners

Click here to take the quiz!

General Stats

  • This quiz has been taken 27 times
  • The average score is 18 of 28

Answer Stats

HintAnswer% Correct
R.F.K. RacingBrad Keselowski
100%
23XI RacingDenny Hamlin
100%
Joe Gibbs RacingJoe Gibbs
100%
23XI RacingMichael Jordan
100%
Rick Ware RacingRick Ware
100%
Stewart-Haas RacingTony Stewart
100%
Team PenskeRoger Penske
96%
Stewart-Haas RacingGene Haas
92%
Richard Childress RacingRichard Childress
92%
Hendrick MotorsportsRick Hendrick
92%
Legacy Motor ClubJimmie Johnson
88%
Legacy Motor ClubRichard Petty
88%
R.F.K. RacingJack Roush
83%
Wood Brothers Racing(Estate of) Glen Wood
79%
Trackhouse RacingJustin Marks
75%
Wood Brothers RacingLeonard Wood
75%
Kaulig RacingMatt Kaulig
67%
Beard MotorsportsLinda Beard
46%
Beard MotorsportsMark Beard
46%
Live Fast MotorsportsBJ McLeod
42%
The Money Team RacingFloyd Mayweather
38%
R.F.K. RacingJohn Henry
25%
Legacy Motor ClubMaury Gallagher
25%
Front Row MotorsportsBob Jenkins
21%
Live Fast MotorsportsMatt Tifft
21%
Spire MotorsportsJeff Dickerson
13%
Live Fast MotorsportsJoe Falk
13%
NY RacingJohn Cohen
13%

Score Distribution

Percentile by Number Answered

Percent of People with Each Score

Your Score History

You have not taken this quiz